000
00329nam a22001457a 4500
008
210428b ||||| |||| 00| 0 eng d
020
_a
2901323389880
041
_a
eng
080
_a
330.101.541
082
_a
330.101.541
100
_a
52
101
_a
MAKRO
245
_a
Macroeconomics
_c
R. Glenn Hubbard
942
_2
udc
_c
BK
999
_c
56894
_d
56894